000 00300nam a22001337a 4500
008 171018b xxu||||| |||| 00| 0 eng d
020 _a9780787959388
041 _aeng
080 _23RD
_a338
100 _a53
101 _aMEN
245 _aTHE EFFECTIVE PUBLIC MANAGER
_cCOHEN,S
942 _2udc
_cBK
999 _c34751
_d34751